Central Library OPAC University of Rajshahi

Introduction to field theory / (Record no. 6458)

MARC details
000 -LEADER
fixed length control field 00762nam a2200253 a 4500
001 - CONTROL NUMBER
control field 6458
003 - CONTROL NUMBER IDENTIFIER
rucl marc code BD-RjUL
005 - DATE AND TIME OF LATEST TRANSACTION
control field 20211208234239.0
008 - FIXED-LENGTH DATA ELEMENTS--GENERAL INFORMATION
fixed length control field 160827s1964 stka b 001 0 eng
035 ## - SYSTEM CONTROL NUMBER
System control number (BD-RjUL)6499
040 ## - CATALOGING SOURCE
Original cataloging agency DLC/ICU
Transcribing agency ICU
Modifying agency DLC
-- BD-RjUL
Language of cataloging eng
041 ## - LANGUAGE CODE
Language code of text/sound track or separate title eng
082 00 - DEWEY DECIMAL CLASSIFICATION NUMBER
Classification number 512.3
Author mark and year ADI 1964
Edition number 23
100 1# - MAIN ENTRY--PERSONAL NAME
Personal name Adamson, Iain T.
9 (RLIN) 20328
245 10 - TITLE STATEMENT
Title Introduction to field theory /
Statement of responsibility, etc. Iain T. Adamson.
250 ## - EDITION STATEMENT
Edition statement 1st ed.
260 ## - PUBLICATION, DISTRIBUTION, ETC. (IMPRINT)
Place of publication, distribution, etc. Edinburgh :
Name of publisher, distributor, etc. Oliver & Boyd ;
Place of publication, distribution, etc. New York :
Name of publisher, distributor, etc. Interscience Publishers,
Date of publication, distribution, etc. c1964
300 ## - PHYSICAL DESCRIPTION
Pagination viii, 180 p. ;
Size 18 cm.
504 ## - BIBLIOGRAPHY, ETC. NOTE
Bibliography, etc Bibliographical footnotes and index.
650 #0 - SUBJECT ADDED ENTRY--TOPICAL TERM
Topical term or geographic name as entry element Algebraic fields.
9 (RLIN) 20330
942 ## - ADDED ENTRY ELEMENTS (KOHA)
Source of classification or shelving scheme Dewey Decimal Classification
Koha item type Books
Holdings
Lost status Source of classification or shelving scheme Damaged status Not for loan Collection code Permanent Location Current Location Shelving location Date acquired Source of acquisition Cost, normal purchase price Total Checkouts Full call number Date last seen Copy number Koha item type
  Dewey Decimal Classification     Non-fiction Central Library, University of Rajshahi Central Library, University of Rajshahi   15/10/1969 Zeitlinger 13.60   512.3 ADI 1964 11/01/2014 C-2 Books
  Dewey Decimal Classification     Non-fiction Central Library, University of Rajshahi Central Library, University of Rajshahi   15/10/1969 Zeitlinger 13.60   512.3 ADI 1964 27/08/2016 C-3 Books
  Dewey Decimal Classification     Non-fiction Central Library, University of Rajshahi Central Library, University of Rajshahi   15/10/1969 Zeitlinger 13.60   512.3 ADI 1964 27/08/2016 C-4 Books
  Dewey Decimal Classification     Non-fiction Central Library, University of Rajshahi Central Library, University of Rajshahi   15/10/1969 Zeitlinger 13.60   512.3 ADI 1964 27/08/2016 C-5 Books
  Dewey Decimal Classification     Non-fiction Central Library, University of Rajshahi Central Library, University of Rajshahi   15/10/1969 Zeitlinger 13.60   512.3 ADI 1964 27/08/2016 C-6 Books
  Dewey Decimal Classification     Non-fiction Central Library, University of Rajshahi Central Library, University of Rajshahi   15/10/1969 Zeitlinger 13.60   512.3 ADI 1964 27/08/2016 C-7 Books
  Dewey Decimal Classification     Non-fiction Central Library, University of Rajshahi Central Library, University of Rajshahi   15/10/1969 Zeitlinger 13.60   512.3 ADI 1964 27/08/2016 C-8 Books
  Dewey Decimal Classification     Non-fiction Central Library, University of Rajshahi Central Library, University of Rajshahi   15/10/1969 Zeitlinger 13.60   512.3 ADI 1964 27/08/2016 C-9 Books
  Dewey Decimal Classification     Non-fiction Central Library, University of Rajshahi Central Library, University of Rajshahi   15/10/1969 Zeitlinger 13.60   512.3 ADI 1964 27/08/2016 C-10 Books
  Dewey Decimal Classification   Not For Loan Non-fiction Central Library, University of Rajshahi Central Library, University of Rajshahi Reading Room 15/10/1969 Zeitlinger 13.60   512.3 ADI 1964 27/08/2016 C-1 Books